Vývoj matematiky v ČSR v období 1945-1985 a její perspektivy /

Hlavní autor: Netuka, Ivan, 1944-2020
Jazyk: Čeština
Vydáno: Praha : Univerzita Karlova, 1986
Vydání: 1. vyd.
Témata:
Fyzický popis: 219 s.
Language note: Anglické a ruské resumé
Knihy
Uloženo v:
LEADER 01015nam a2200289 a 4500
001 000459965
003 CZ BrMZK
005 20210916085941.0
007 ta
008 000105s1986 xr f cze d
015 |a cnb000019400 
040 |a BOA001  |b cze 
041 1 |a cze  |b eng  |b rus 
080 9 |a 51(437.1)"1945(1985"(063) 
100 1 |a Netuka, Ivan,  |d 1944-2020  |7 jo2002105844  |4 aut 
245 1 0 |a Vývoj matematiky v ČSR v období 1945-1985 a její perspektivy /  |c sestavil Ivan Netuka 
250 |a 1. vyd. 
260 |a Praha :  |b Univerzita Karlova,  |c 1986 
300 |a 219 s. 
504 |a Obsahuje bibliografie 
546 |a Anglické a ruské resumé 
910 |a BOA001  |b 2-0913.215  |b TK-0232.236 
920 |a 000236040 
964 |a Matematika - dějiny - 1945-1985 - české země 
990 |a BK 
996 7 |b 2619756012  |c 2-0913.215  |l MZK  |r Sklad / do 1 hodiny  |n 16  |w 000459965  |u 000010  |a 1  |e BOA001  |j MZK50  |s A 
996 7 |b 2629997783  |c TK-0232.236  |l MZK  |r Sklad / do 24 hodin  |n 2  |w 000459965  |u 000020  |a 1  |e BOA001  |j MZK50  |s A